Financovanie a investičná výnosnosť vysokoškolského vzdelávania
Možnosti objektivizácie výdavkov nma vzdelávanie. Objektivizácia výdavkov na vysokoškolské vzdelávanie využitím metód hodnotenia investícií. Aplikácia viackriteriálnej metodiky, založenej na princípoch hodnotenia súkromných investícií. Stanovenie výdavkov na vzdelávanie. Jednotlivé kroky metodiky vý...
Guardado en:
| Autor principal: | |
|---|---|
| Formato: | Capítulo de libro |
| Lenguaje: | eslovaco |
| Materias: | |
| Etiquetas: |
Sin Etiquetas, Sea el primero en etiquetar este registro!
|
MARC
| LEADER | 00000naa$a2200000$$$4500 | ||
|---|---|---|---|
| 001 | 0038185 | ||
| 005 | 20231013113050.5 | ||
| 041 | 0 | |a slo | |
| 044 | |a SK | ||
| 245 | 1 | 0 | |a Financovanie a investičná výnosnosť vysokoškolského vzdelávania |c Štefan Hronec |
| 520 | |a Možnosti objektivizácie výdavkov nma vzdelávanie. Objektivizácia výdavkov na vysokoškolské vzdelávanie využitím metód hodnotenia investícií. Aplikácia viackriteriálnej metodiky, založenej na princípoch hodnotenia súkromných investícií. Stanovenie výdavkov na vzdelávanie. Jednotlivé kroky metodiky výpočtu hodnotenia investícií. Viackriteriálna metodika založená na statických a dynamických metódach hodnotenia súkromných investícií | ||
| 610 | 2 | 0 | |a vzdelávanie vysokoškolské |
| 610 | 2 | 0 | |a financovanie |
| 610 | 2 | 0 | |a financie verejné |
| 610 | 2 | 0 | |a investície finančné |
| 610 | 2 | 0 | |a výnosnosť |
| 610 | 2 | 0 | |a efektívnosť investícií |
| 610 | 2 | 0 | |a výdavky |
| 610 | 2 | 0 | |a vzdelávanie |
| 610 | 2 | 0 | |a metodika |
| 610 | 2 | 0 | |a odhad hodnoty |
| 610 | 2 | 0 | |a investície |
| 100 | 1 | |a Hronec, Štefan | |